Energy efficiency (Record no. 112051)

MARC details
000 -LEADER
fixed length control field 01323cad a22001935a 4500
001 - CONTROL NUMBER
control field L152417
008 - FIXED-LENGTH DATA ELEMENTS--GENERAL INFORMATION
fixed length control field 110304s2011 xxk f 000 0 eng d
035 ## - SYSTEM CONTROL NUMBER
System control number (Sirsi) u152417
041 0# - LANGUAGE CODE
Language code of text/sound track or separate title eng
110 2# - MAIN ENTRY--CORPORATE NAME
Corporate name or jurisdiction name as entry element Carbon Connect
9 (RLIN) 5924
245 00 - TITLE STATEMENT
Title Energy efficiency
Remainder of title the untapped business opportunity
Medium [electronic resource]
260 ## - PUBLICATION, DISTRIBUTION, ETC.
Date of publication, distribution, etc. 2011
520 ## - SUMMARY, ETC.
Summary, etc. Private sector property is wasting £6bn a year due to poor energy efficiency with non-domestic property responsible for approximately 18% of the UK's total carbon emissions. With many recommendations including the suggestion that government should amend the enchanced capital allowance scheme to make tax allowances formally transferable between tenants and landlords including tax-exempt property funds. Also, government should work with the insurance industry to establish insurance packages for renewable generations projects in the commercial property sector and to develop low cost insurance policies for energy efficient projects.
590 ## - LOCAL NOTE (RLIN)
Local note KA NTK
651 #4 - SUBJECT ADDED ENTRY--GEOGRAPHIC NAME
Geographic name United Kingdom
690 ## - LOCAL SUBJECT ADDED ENTRY--TOPICAL TERM (OCLC, RLIN)
Topical term or geographic name as entry element ENVIRONMENTAL AND LAND CONSULTANCY-ENERGY-ENERGY USE-ENERGY EFFICIENCY
856 40 - ELECTRONIC LOCATION AND ACCESS
Uniform Resource Identifier <a href="https://www.policyconnect.org.uk/sites/default/files/Carbon%20Connect%20report%20web%20version(1).pdf">https://www.policyconnect.org.uk/sites/default/files/Carbon%20Connect%20report%20web%20version(1).pdf</a>
Public note View the report free of charge at www.policyconnect.org.uk
942 ## - ADDED ENTRY ELEMENTS (KOHA)
Suppress in OPAC 0
Holdings
Withdrawn status Lost status Source of classification or shelving scheme Damaged status Not for loan Home library Current library Shelving location Date acquired Total Checkouts Full call number Barcode Date last seen Copy number Price effective from Koha item type
    Dewey Decimal Classification     Virtual Virtual Online 04/03/2011   ONLINE PUBLICATION 152417-2001 06/08/2019 1 06/08/2019 Book